[Event "Vaujany op-A 8th"]
[Site "Vaujany"]
[Date "2017.07.13"]
[Round "1.14"]
[White "Teychene, Jean Louis"]
[Black "Abello, Sebastien"]
[Result "0-1"]
[WhiteElo "1939"]
[BlackElo "2362"]
[PlyCount "66"]
[EventDate "2017.07.13"]
[EventType "swiss"]
[EventRounds "9"]
[EventCountry "FRA"]
[SourceTitle "EXT 2020"]
[Source "ChessBase"]
[SourceDate "2019.10.17"]
[SourceVersion "1"]
[SourceVersionDate "2019.10.17"]
[SourceQuality "1"]

1. d4 Nf6 2. c4 g6 3. g3 Bg7 4. Bg2 d5 5. cxd5 Nxd5 6. e4 Nb6 7. Ne2 c5 8. d5 0-0 9. 0-0 e6 10. Nbc3 Na6 11. a3 Re8 12. h3 Nc4 13. b3 Nd6 14. Bf4 e5 15. Bd2 b5 16. a4 b4 17. Nb5 Nxb5 18. axb5 Nc7 19. Be3 Bf8 20. Rc1 Nxb5 21. Bxc5 Nc3 22. Nxc3 Bxc5 23. Na4 Bd4 24. Nc5 Qb6 25. Qc2 Ba6 26. Nxa6 Qxa6 27. Rfd1 Rac8 28. Qb1 Qe2 29. Rf1 Rc3 30. Rxc3 bxc3 31. Qd1 Bxf2+ 32. Kh2 Qxd1 33. Rxd1 Be3 0-1

[Event "Vaujany op-A 7th"]
[Site "Vaujany"]
[Date "2016.07.22"]
[Round "7"]
[White "Gatineau, Yovann"]
[Black "Teychene, Jean Louis"]
[Result "1/2-1/2"]
[WhiteElo "2206"]
[BlackElo "1853"]
[PlyCount "87"]
[EventDate "2016.07.16"]
[EventType "swiss"]
[EventRounds "9"]
[EventCountry "FRA"]
[SourceTitle "EXT 2019"]
[Source "ChessBase"]
[SourceDate "2018.10.10"]
[SourceVersion "1"]
[SourceVersionDate "2018.10.10"]
[SourceQuality "1"]

1. d4 Nf6 2. c4 e6 3. Nf3 b6 4. g3 Bb7 5. Bg2 Be7 6. 0-0 0-0 7. Re1 d5 8. cxd5 exd5 9. Nc3 c5 10. Bf4 Nbd7 11. Rc1 a6 12. Ne5 cxd4 13. Qxd4 Bc5 14. Qd2 Nxe5 15. Bxe5 Bxf2+ 16. Kxf2 Ng4+ 17. Kg1 Nxe5 18. Nxd5 Bxd5 19. Qxd5 Qxd5 20. Bxd5 Rad8 21. Red1 Rd7 22. e4 Rfd8 23. Kf2 g6 24. Ke3 Kg7 25. Kf4 f6 26. Rc3 h5 27. h4 Kf8 28. Rdc1 Ke7 29. Ke3 Ng4+ 30. Kf4 Ne5 31. R1c2 Rb8 32. a3 Kd8 33. b3 Ke7 34. Ke3 Ng4+ 35. Kf4 Ne5 36. b4 b5 37. Rc8 Rxc8 38. Rxc8 Ra7 39. Ke3 Kd7 40. Rc5 Kd6 41. a4 bxa4 42. Ra5 Kc7 43. Rxa4 Kb6 44. Kd4 1/2-1/2

[Event "Vaujany op-A 7th"]
[Site "Vaujany"]
[Date "2016.07.19"]
[Round "4"]
[White "Teychene, Jean Louis"]
[Black "Juhasz, Barbara"]
[Result "1/2-1/2"]
[WhiteElo "1853"]
[BlackElo "2179"]
[PlyCount "61"]
[EventDate "2016.07.16"]
[EventType "swiss"]
[EventRounds "9"]
[EventCountry "FRA"]
[SourceTitle "EXT 2019"]
[Source "ChessBase"]
[SourceDate "2018.10.10"]
[SourceVersion "1"]
[SourceVersionDate "2018.10.10"]
[SourceQuality "1"]

1. d4 Nf6 2. c4 g6 3. g3 Bg7 4. Bg2 0-0 5. Nc3 d6 6. Nf3 Nbd7 7. 0-0 e5 8. e4 c6 9. h3 Re8 10. Be3 exd4 11. Nxd4 Nc5 12. Qc2 a5 13. Rad1 Qe7 14. Rfe1 Bd7 15. Bf4 Nh5 16. Be3 Rad8 17. b3 Bc8 18. a3 Na6 19. Rb1 Qf8 20. Nde2 Be6 21. Bb6 Rb8 22. Bd4 f5 23. Bxg7 Nxg7 24. Nd4 Bd7 25. Rbd1 Nc5 26. exf5 Nxf5 27. Nde2 Be6 28. Nf4 Bf7 29. Ne4 Nxe4 30. Bxe4 Ng7 31. Qc3 1/2-1/2

[Event "Vaujany op 4th"]
[Site "Vaujany"]
[Date "2013.07.16"]
[Round "6"]
[White "Deleva, Mathias"]
[Black "Teychene, Jean Louis"]
[Result "1/2-1/2"]
[WhiteElo "2098"]
[BlackElo "1943"]
[PlyCount "87"]
[EventDate "2013.07.11"]
[EventType "swiss"]
[EventRounds "9"]
[EventCountry "FRA"]
[SourceTitle "EXT 2014"]
[Source "ChessBase"]
[SourceDate "2013.11.20"]
[SourceVersion "1"]
[SourceVersionDate "2013.11.20"]
[SourceQuality "1"]

1. e4 e5 2. Nf3 Nf6 3. Nxe5 d6 4. Nf3 Nxe4 5. Nc3 Nxc3 6. dxc3 Be7 7. Be3 Nc6 8. Qd2 Be6 9. 0-0-0 a6 10. h4 Qd7 11. Ng5 0-0-0 12. Nxe6 Qxe6 13. Kb1 Kb8 14. g3 Bf6 15. Bg2 Ne7 16. Rhe1 Qd7 17. Bf4 Rhe8 18. Qd3 h6 19. Bxh6 Bxc3 20. Qxc3 gxh6 21. Qf3 Nc6 22. Qh5 Nb4 23. a3 Nc6 24. Qxh6 Ne5 25. Qd2 c6 26. Qf4 Ng6 27. Qf6 Re5 28. f4 Rh5 29. Qg7 Rc5 30. b4 Rb5 31. c4 Rh5 32. Be4 Nf8 33. f5 Rxf5 34. Bxf5 Qxf5+ 35. Ka1 Qf3 36. Qb2 Qxg3 37. c5 d5 38. Re7 d4 39. Rxf7 Ne6 40. Rh7 Nf4 41. Rh6 Re8 42. Qxd4 Qxa3+ 43. Kb1 Qb3+ 44. Ka1 1/2-1/2

[Event "Marseille op 4th"]
[Site "Marseille"]
[Date "2011.12.28"]
[Round "5"]
[White "Desmas, William"]
[Black "Teychene, Jean Louis"]
[Result "0-1"]
[WhiteElo "1728"]
[BlackElo "1941"]
[PlyCount "50"]
[EventDate "2011.12.26"]
[EventType "swiss"]
[EventRounds "9"]
[EventCountry "FRA"]
[SourceTitle "CBM 146 Extra"]
[Source "ChessBase"]
[SourceDate "2012.02.29"]
[SourceVersion "1"]
[SourceVersionDate "2012.02.29"]
[SourceQuality "1"]

1. d4 Nf6 2. c4 e6 3. g3 Bb4+ 4. Bd2 Qe7 5. Bg2 0-0 6. a3 Bxd2+ 7. Nxd2 c5 8. dxc5 Qxc5 9. e4 Nc6 10. Ngf3 e5 11. 0-0 a5 12. Rc1 a4 13. Qe2 d6 14. Nb1 Bg4 15. Qd3 Bxf3 16. Bxf3 Nd4 17. Bd1 d5 18. Nc3 dxc4 19. Nxa4 cxd3 20. Rxc5 Nxe4 21. Rc7 Nd2 22. Re1 N4f3+ 23. Bxf3 Nxf3+ 24. Kf1 Nxe1 25. Kxe1 Rxa4 0-1

[Event "Marseille op 2nd "]
[Site "Marseille"]
[Date "2009.12.30"]
[Round "9"]
[White "Teychene, Jean Louis"]
[Black "Valles, Manuel"]
[Result "0-1"]
[WhiteElo "1962"]
[BlackElo "2200"]
[PlyCount "80"]
[EventDate "2009.12.26"]
[EventType "swiss"]
[EventRounds "9"]
[EventCountry "FRA"]
[SourceTitle "CBM 134 Extra"]
[Source "ChessBase"]
[SourceDate "2010.03.03"]
[SourceVersion "1"]
[SourceVersionDate "2010.03.03"]
[SourceQuality "1"]

1. d4 c5 2. d5 Nf6 3. c4 e6 4. Nc3 exd5 5. cxd5 d6 6. e4 g6 7. f4 Bg7 8. Bb5+ Nfd7 9. a4 0-0 10. Nf3 a6 11. Be2 Re8 12. Qc2 Qc7 13. 0-0 c4 14. e5 dxe5 15. f5 Nf6 16. fxg6 Qc5+ 17. Kh1 hxg6 18. Ng5 Bf5 19. Rxf5 gxf5 20. Qxf5 Nbd7 21. Qh3 Nf8 22. Be3 Qb4 23. Rf1 Qxb2 24. Bc5 Qc2 25. Bxf8 Kxf8 26. Bh5 Qd3 27. Qxd3 cxd3 28. Bxf7 Ke7 29. Bxe8 Rxe8 30. Rb1 Rb8 31. Rb6 d2 32. Re6+ Kd7 33. d6 Ne4 34. Ngxe4 Kxe6 35. Nxd2 b5 36. axb5 axb5 37. Kg1 b4 38. Ncb1 Bh6 39. Nb3 Rc8 40. Kf1 Rc2 0-1

[Event "Marseille op 2nd "]
[Site "Marseille"]
[Date "2009.12.26"]
[Round "2"]
[White "Teychene, Jean Louis"]
[Black "Feller, Sebastien"]
[Result "0-1"]
[WhiteElo "1962"]
[BlackElo "2570"]
[PlyCount "52"]
[EventDate "2009.12.26"]
[EventType "swiss"]
[EventRounds "9"]
[EventCountry "FRA"]
[SourceTitle "CBM 134 Extra"]
[Source "ChessBase"]
[SourceDate "2010.03.03"]
[SourceVersion "1"]
[SourceVersionDate "2010.03.03"]
[SourceQuality "1"]

1. d4 Nf6 2. Nf3 g6 3. g3 Bg7 4. Bg2 0-0 5. c4 d5 6. Nc3 dxc4 7. 0-0 c6 8. a4 Nd5 9. e4 Nb4 10. Be3 a5 11. Qd2 Bg4 12. Nh4 e5 13. d5 cxd5 14. exd5 N8a6 15. h3 Bd7 16. Ne4 f5 17. Bg5 Qb8 18. Nc3 Nc5 19. Be7 Nb3 20. Qg5 e4 21. d6 Nxa1 22. Rxa1 Ra6 23. g4 Rxd6 24. Bxd6 Qxd6 25. gxf5 gxf5 26. Kh1 Nd3 0-1

[Event "Val Thorens op"]
[Site "Val Thorens"]
[Date "2009.??.??"]
[Round "7"]
[White "Nockels, Thomas"]
[Black "Teychene, Jean Louis"]
[Result "1-0"]
[WhiteElo "1924"]
[BlackElo "2001"]
[PlyCount "89"]
[EventDate "2009.07.18"]
[EventType "swiss"]
[EventRounds "9"]
[EventCountry "FRA"]
[SourceTitle "CBM 131 Extra"]
[Source "ChessBase"]
[SourceDate "2009.09.03"]
[SourceVersion "2"]
[SourceVersionDate "2009.09.16"]
[SourceQuality "1"]

1. e4 e5 2. Bc4 Nf6 3. d3 c6 4. Nf3 Be7 5. 0-0 d6 6. c3 0-0 7. Bb3 Bg4 8. Nbd2 Nbd7 9. h3 Bh5 10. Qc2 Nc5 11. Re1 Nxb3 12. Qxb3 Qc7 13. d4 Nd7 14. Nf1 Bxf3 15. gxf3 Bf6 16. Be3 Rfe8 17. Ng3 g6 18. Kh2 Nf8 19. Rg1 Kh8 20. f4 Ne6 21. fxe5 dxe5 22. d5 cxd5 23. exd5 Nf4 24. Ne4 Be7 25. Rad1 Bd6 26. Bxf4 exf4 27. Nxd6 Qxd6 28. Qxb7 Rab8 29. Qc6 Qd8 30. Rd2 Rb6 31. Qc5 Rd6 32. Qd4+ Kg8 33. c4 g5 34. c5 Rg6 35. d6 f5 36. Qd5+ Kg7 37. Qxf5 Rf8 38. Qe5+ Kg8 39. c6 g4 40. Rxg4 Rxg4 41. Qe6+ Kh8 42. Qxg4 Qa5 43. Qe2 Qc5 44. Qe7 Qf5 45. Rd5 1-0

[Event "Marseille Hiver op"]
[Site "Marseille"]
[Date "2005.12.30"]
[Round "7"]
[White "Teychene, Jean Louis"]
[Black "Remille, Tristan"]
[Result "0-1"]
[WhiteElo "2043"]
[BlackElo "2048"]
[PlyCount "78"]
[EventDate "2005.12.27"]
[EventType "swiss"]
[EventRounds "9"]
[EventCountry "FRA"]
[SourceTitle "CBM 110 Extra"]
[Source "ChessBase"]
[SourceDate "2006.03.10"]
[SourceVersion "2"]
[SourceVersionDate "2006.03.10"]
[SourceQuality "1"]

1. Nf3 b5 2. g3 Bb7 3. Bg2 e5 4. 0-0 d6 5. d4 Nd7 6. dxe5 dxe5 7. Nc3 Rb8 8. Be3 b4 9. Nb1 Ngf6 10. h3 Nd5 11. Bxa7 Ra8 12. e4 Rxa7 13. exd5 Bd6 14. c4 0-0 15. Nbd2 Qa8 16. Qb1 f5 17. Ng5 Nc5 18. Nb3 Rf6 19. Nxc5 Bxc5 20. Kh2 h6 21. Nf3 Qe8 22. Nd2 Bd6 23. Qc1 e4 24. Re1 Qg6 25. Kg1 Ra8 26. c5 Be5 27. c6 Ba6 28. Nc4 Bd4 29. Ne3 Raf8 30. Qd2 Bd3 31. Qxb4 Ba7 32. Qb3 Kh8 33. Rad1 f4 34. Ng4 fxg3 35. Rf1 Bxf1 36. Rxf1 gxf2+ 37. Kh1 Rf3 38. Ne5 Rxh3+ 39. Bxh3 Qg1+ 0-1

[Event "Marseille op 4th"]
[Site "Marseille"]
[Date "2003.07.02"]
[Round "7"]
[White "Teychene, Jean Louis"]
[Black "Moncamp, Gilles"]
[Result "0-1"]
[WhiteElo "2070"]
[BlackElo "2254"]
[PlyCount "100"]
[EventDate "2003.06.28"]
[EventType "swiss"]
[EventRounds "9"]
[EventCountry "FRA"]
[SourceTitle "EXT 2004"]
[Source "ChessBase"]
[SourceDate "2003.11.25"]
[SourceVersion "1"]
[SourceVersionDate "2003.11.25"]
[SourceQuality "1"]

1. d4 d5 2. Nf3 Nf6 3. c4 c6 4. Nc3 e6 5. Bg5 Nbd7 6. e3 Qa5 7. cxd5 exd5 8. Bd3 Ne4 9. Qc2 Nxg5 10. Nxg5 h6 11. Nf3 Be7 12. 0-0 0-0 13. a3 a6 14. b4 Qd8 15. Na4 Re8 16. Rfc1 Bf6 17. Nc5 g5 18. Nb3 Nf8 19. a4 g4 20. Nfd2 Bd7 21. Nf1 Ne6 22. Ng3 Ng5 23. Nf5 Bxf5 24. Bxf5 h5 25. Nc5 Re7 26. a5 Qe8 27. Qc3 Rd8 28. Rf1 Ne4 29. Qc2 Nd6 30. Bd3 Qf8 31. Rae1 Rde8 32. Qd2 Qh6 33. Nb3 h4 34. Qd1 Qg7 35. Bb1 g3 36. Qf3 gxf2+ 37. Rxf2 Bg5 38. Rfe2 Nb5 39. Kh1 Nc3 40. Rf2 Nxb1 41. Rxb1 Rxe3 42. Qf5 Qg6 43. Qxg6+ fxg6 44. Nc5 Re1+ 45. Rf1 Rxf1+ 46. Rxf1 Re7 47. g3 h3 48. Rd1 Bd2 49. Nd3 Bc3 50. Nf2 Bxb4 0-1

[Event "FRA-ch op-A"]
[Site "Vichy"]
[Date "2000.08.25"]
[Round "7"]
[White "Teychene, Jean Louis"]
[Black "Alanic, Xavier"]
[Result "1-0"]
[WhiteElo "2101"]
[BlackElo "2083"]
[PlyCount "59"]
[EventDate "2000.08.16"]
[EventType "swiss"]
[EventRounds "11"]
[EventCountry "FRA"]
[SourceTitle "EXT 2001"]
[Source "ChessBase"]
[SourceDate "2000.11.22"]
[SourceVersion "1"]
[SourceVersionDate "2000.11.22"]
[SourceQuality "1"]

1. d4 Nf6 2. c4 g6 3. g3 Bg7 4. Bg2 0-0 5. Nc3 d6 6. Nf3 Nbd7 7. 0-0 e5 8. e4 Ne8 9. dxe5 Nxe5 10. Nxe5 Bxe5 11. Bh6 Bg7 12. Bxg7 Nxg7 13. Qd2 Be6 14. b3 c6 15. Rad1 Qf6 16. f4 Rfd8 17. f5 Bc8 18. fxg6 Qxg6 19. Rf2 Ne8 20. Rdf1 Be6 21. Ne2 f6 22. Nf4 Qf7 23. Qe2 Qd7 24. Nh5 Bg4 25. Rxf6 Nxf6 26. Nxf6+ Kg7 27. Nxg4 Rf8 28. Qb2+ Kg6 29. Rf6+ Kg5 30. Qd2+ 1-0

[Event "Toulon op 5th"]
[Site "Toulon"]
[Date "1999.11.01"]
[Round "3"]
[White "Lebel, Patrick"]
[Black "Teychene, Jean Louis"]
[Result "1-0"]
[WhiteElo "2217"]
[BlackElo "2190"]
[PlyCount "59"]
[EventDate "1999.10.??"]
[EventType "swiss"]
[EventRounds "9"]
[EventCountry "FRA"]
[SourceTitle "CBM 073 Extra"]
[Source "ChessBase"]
[SourceDate "2000.01.11"]
[SourceVersion "1"]
[SourceVersionDate "2000.01.11"]
[SourceQuality "1"]

1. Nf3 Nf6 2. c4 g6 3. Nc3 Bg7 4. e4 d6 5. d4 0-0 6. Be2 c6 7. 0-0 Bg4 8. Be3 Nbd7 9. Nd2 Bxe2 10. Qxe2 e5 11. dxe5 dxe5 12. c5 Ne8 13. Rfd1 Nc7 14. Nb3 Ne6 15. Qd2 Nf6 16. Qxd8 Raxd8 17. f3 Nh5 18. Na5 Nd4 19. Rd2 Rd7 20. Rad1 Rfd8 21. Kf1 f5 22. Nb3 f4 23. Bf2 b6 24. Ne2 bxc5 25. Nxc5 Rd6 26. Nb7 c5 27. Nxd8 Rxd8 28. b4 cxb4 29. Nxd4 exd4 30. Bxd4 1-0

[Event "Val Thorens A"]
[Site "Val Thorens"]
[Date "1996.??.??"]
[Round "1"]
[White "Teychene, Jean Louis"]
[Black "Horvath, Jozsef"]
[Result "0-1"]
[WhiteElo "1990"]
[BlackElo "2515"]
[PlyCount "32"]
[EventDate "1996.??.??"]
[EventType "swiss"]
[EventRounds "9"]
[EventCountry "FRA"]
[SourceTitle "EXT 2004"]
[Source "ChessBase"]
[SourceDate "2003.11.25"]
[SourceVersion "1"]
[SourceVersionDate "2003.11.25"]
[SourceQuality "1"]

1. d4 Nf6 2. c4 g6 3. Nc3 d5 4. Nf3 Bg7 5. Bg5 dxc4 6. e3 Be6 7. Ne5 Nd5 8. Nxc4 c5 9. Be2 Nc6 10. Qb3 cxd4 11. Ne4 0-0 12. 0-0 h6 13. Bh4 dxe3 14. fxe3 Nxe3 15. Bf2 Nxf1 16. Rxf1 b5 0-1